[Event "EU-ch ACP (Women) Rapid"]
[Site "Tbilisi"]
[Date "2018.03.31"]
[Round "6"]
[White "Khomeriki, Nino"]
[Black "Kosteniuk, Alexandra"]
[Result "0-1"]
[WhiteElo "2257"]
[BlackElo "2549"]
[PlyCount "126"]
[EventDate "2018.03.30"]
[EventType "swiss (rapid)"]
[EventRounds "11"]
[EventCountry "GEO"]
[SourceTitle "CBM 183 Extra"]
[Source "ChessBase"]
[SourceDate "2018.04.19"]
[SourceVersion "1"]
[SourceVersionDate "2018.04.19"]
[SourceQuality "1"]

1. d4 Nf6 2. c4 e6 3. Nf3 b6 4. g3 Bb4+ 5. Bd2 Bxd2+ 6. Qxd2 Ba6 7. b3 d5 8.
Bg2 c6 9. O-O O-O 10. Rc1 Nbd7 11. Qb2 Qe7 12. e3 Ne4 13. Qa3 Qxa3 14. Nxa3
Rac8 15. Bf1 Bb7 16. cxd5 exd5 17. Rc2 f6 18. Bh3 Rfd8 19. Rac1 Kf8 20. Ne1 Ke7
21. Nd3 Kd6 22. b4 a6 23. Nf4 Ng5 24. Bg2 Ne6 25. Nxe6 Kxe6 26. e4 Kd6 27. f4
b5 28. e5+ Ke6 29. Bh3+ f5 30. g4 g6 31. Rg2 Rg8 32. gxf5+ gxf5 33. Nc2 Rxg2+
34. Kxg2 Nb6 35. Ne3 Rf8 36. Kf2 Nc8 37. Rg1 Ne7 38. Rg7 a5 39. Rxh7 axb4 40.
Rh6+ Kd7 41. Rf6 Ra8 42. Nxf5 Rxa2+ 43. Kg3 Ra3+ 44. Kh4 Rxh3+ 45. Kxh3 b3 46.
e6+ Kc7 47. Rf7 b2 48. Rxe7+ Kb6 49. Rxb7+ Kxb7 50. e7 b1=Q 51. Nd6+ Kc7 52.
e8=Q Qh7+ 53. Kg4 Kxd6 54. Qe5+ Kd7 55. f5 Qg8+ 56. Kf4 b4 57. f6 Qe6 58. Kg5
Qxe5+ 59. dxe5 Ke6 60. Kg6 b3 61. f7 b2 62. f8=Q b1=Q+ 63. Kh5 Qf5+ 0-1

[Event "EU-ch ACP (Women) Rapid"]
[Site "Tbilisi"]
[Date "2018.03.31"]
[Round "7"]
[White "Kosteniuk, Alexandra"]
[Black "Gvetadze, Sofio"]
[Result "1-0"]
[WhiteElo "2549"]
[BlackElo "2308"]
[PlyCount "142"]
[EventDate "2018.03.30"]
[EventType "swiss (rapid)"]
[EventRounds "11"]
[EventCountry "GEO"]
[SourceTitle "CBM 183 Extra"]
[Source "ChessBase"]
[SourceDate "2018.04.19"]
[SourceVersion "1"]
[SourceVersionDate "2018.04.19"]
[SourceQuality "1"]

1. e4 c5 2. Nf3 Nc6 3. Bb5 e6 4. O-O Nge7 5. c3 a6 6. Ba4 b5 7. Bc2 Bb7 8. a4
Ng6 9. d4 cxd4 10. Nxd4 b4 11. Nxc6 Bxc6 12. cxb4 Bxb4 13. Qd4 Bf8 14. f4 f6
15. Nc3 Be7 16. Be3 O-O 17. Nd5 Bxd5 18. exd5 f5 19. dxe6 dxe6 20. Bb3 Kh8 21.
Bxe6 Bf6 22. Qxd8 Raxd8 23. Bxf5 Bxb2 24. Ra2 Bd4 25. Bxd4 Rxd4 26. Bxg6 hxg6
27. g3 Rf5 28. a5 Rfd5 29. Rff2 Kh7 30. Rfc2 Rd6 31. Kg2 R4d5 32. h4 Rb5 33.
Ra3 Rbd5 34. Kh3 Kg8 35. Rc7 Rd7 36. Rc6 R5d6 37. Rac3 Kf7 38. Rb6 Rf6 39. Rcc6
Ra7 40. Rxf6+ gxf6 41. f5 gxf5 42. Kg2 Kg6 43. Kf3 Ra8 44. Kf4 Rc8 45. Rxa6
Rc4+ 46. Kf3 Rc3+ 47. Kf2 Ra3 48. Ra8 Ra2+ 49. Ke3 Ra3+ 50. Kd4 Kh5 51. Kc5 f4
52. gxf4 Kxh4 53. Kb4 Ra1 54. Rg8 Rb1+ 55. Kc5 Rc1+ 56. Kb6 Rb1+ 57. Kc6 Ra1
58. Kb5 Rb1+ 59. Kc5 Ra1 60. Kb6 Rb1+ 61. Kc7 Ra1 62. Kb6 Rb1+ 63. Ka7 Rf1 64.
a6 Rxf4 65. Kb6 Ra4 66. a7 f5 67. a8=Q Rxa8 68. Rxa8 f4 69. Kc5 f3 70. Kd4 f2
71. Rf8 Kg3 1-0

[Event "EU-ch ACP (Women) Rapid"]
[Site "Tbilisi"]
[Date "2018.03.31"]
[Round "8"]
[White "Cramling, Pia"]
[Black "Kosteniuk, Alexandra"]
[Result "1/2-1/2"]
[WhiteElo "2476"]
[BlackElo "2549"]
[PlyCount "71"]
[EventDate "2018.03.30"]
[EventType "swiss (rapid)"]
[EventRounds "11"]
[EventCountry "GEO"]
[SourceTitle "CBM 183 Extra"]
[Source "ChessBase"]
[SourceDate "2018.04.19"]
[SourceVersion "1"]
[SourceVersionDate "2018.04.19"]
[SourceQuality "1"]

1. Nf3 Nf6 2. c4 b6 3. g3 Bb7 4. Bg2 e6 5. O-O Be7 6. d4 O-O 7. Re1 d5 8. cxd5
exd5 9. Nc3 c5 10. Bf4 Na6 11. dxc5 Nxc5 12. Rc1 Nfe4 13. Nd4 Nxc3 14. Rxc3 Bf6
15. Rc1 Ne6 16. Be3 Qd7 17. Bh3 Rac8 18. Qd2 Rxc1 19. Rxc1 Rc8 20. Rxc8+ Qxc8
21. f4 g6 22. Kf2 Bg7 23. Nxe6 fxe6 24. Bd4 Bxd4+ 25. Qxd4 Kf7 26. b4 h5 27. a3
Qd8 28. Qe5 Qf6 29. Qc7+ Qe7 30. Qb8 Bc6 31. Ke3 Bb5 32. Qe5 a5 33. Qd4 Qc7 34.
Kf2 axb4 35. axb4 Qd6 36. Qe5 1/2-1/2

[Event "EU-ch ACP (Women) Rapid"]
[Site "Tbilisi"]
[Date "2018.03.31"]
[Round "9"]
[White "Kosteniuk, Alexandra"]
[Black "Mkrtchian, Lilit"]
[Result "1-0"]
[WhiteElo "2549"]
[BlackElo "2403"]
[PlyCount "123"]
[EventDate "2018.03.30"]
[EventType "swiss (rapid)"]
[EventRounds "11"]
[EventCountry "GEO"]
[SourceTitle "CBM 183 Extra"]
[Source "ChessBase"]
[SourceDate "2018.04.19"]
[SourceVersion "1"]
[SourceVersionDate "2018.04.19"]
[SourceQuality "1"]

1. e4 e6 2. d4 d5 3. Nc3 Bb4 4. a3 Bxc3+ 5. bxc3 dxe4 6. Qg4 Nf6 7. Qxg7 Rg8 8.
Qh6 Rg6 9. Qe3 b6 10. Ne2 Bb7 11. Ng3 Ng4 12. Bb5+ Nd7 13. Qe2 f5 14. a4 a6 15.
Bc4 Qh4 16. Bxe6 Rxe6 17. Nxf5 Qxf2+ 18. Qxf2 Nxf2 19. O-O Ng4 20. Ng7+ Ke7 21.
Bg5+ Ngf6 22. Nxe6 Kxe6 23. c4 Rg8 24. d5+ Nxd5 25. cxd5+ Bxd5 26. Bf4 c6 27.
Ra3 Nf6 28. Rh3 h5 29. Be3 Bc4 30. Re1 c5 31. Bf2 Kf5 32. Rb1 Bd5 33. Rg3 Rxg3
34. Bxg3 Nd7 35. Kf2 Bc6 36. a5 bxa5 37. Ke3 a4 38. c4 a3 39. Bc7 Ba4 40. Rf1+
Ke6 41. Ra1 Bb3 42. Rxa3 Bxc4 43. Kxe4 Nf6+ 44. Kf3 Nd5 45. Bg3 Nb4 46. Bf2 Nd3
47. Be3 Bb5 48. g3 Kf5 49. h3 Ne5+ 50. Kf2 Ke4 51. Bh6 Nd3+ 52. Kg2 Ne1+ 53.
Kf2 Nd3+ 54. Kg2 c4 55. g4 hxg4 56. hxg4 Ne5 57. Kg3 Ng6 58. Bg7 Ne7 59. Ra1
Nd5 60. Re1+ Kd3 61. Rd1+ Ke4 62. Rd4+ 1-0

[Event "EU-ch ACP (Women) Rapid"]
[Site "Tbilisi"]
[Date "2018.03.31"]
[Round "10"]
[White "Khotenashvili, Bela"]
[Black "Kosteniuk, Alexandra"]
[Result "0-1"]
[WhiteElo "2484"]
[BlackElo "2549"]
[PlyCount "102"]
[EventDate "2018.03.30"]
[EventType "swiss (rapid)"]
[EventRounds "11"]
[EventCountry "GEO"]
[SourceTitle "CBM 183 Extra"]
[Source "ChessBase"]
[SourceDate "2018.04.19"]
[SourceVersion "1"]
[SourceVersionDate "2018.04.19"]
[SourceQuality "1"]

1. d4 Nf6 2. c4 e6 3. g3 c5 4. Nf3 cxd4 5. Nxd4 d5 6. Bg2 e5 7. Nb3 d4 8. O-O
Nc6 9. f4 e4 10. f5 Qb6 11. N1d2 d3+ 12. e3 Qxe3+ 13. Rf2 Qb6 14. Nxe4 Nxe4 15.
Bxe4 Ne5 16. Bf4 Bd6 17. Rc1 Bb8 18. c5 Qb4 19. Bxd3 Nxd3 20. Qxd3 O-O 21. f6
g5 22. Bxg5 Qg4 23. Bf4 Qg6 24. Qd5 Bxf4 25. Rxf4 Be6 26. Qxb7 Rad8 27. Nd4 Bd5
28. Qb4 Kh8 29. c6 Rfe8 30. c7 Rc8 31. Qd2 Re5 32. Nb5 Qh5 33. g4 Qh4 34. Qf2
Qh3 35. Rd1 Rce8 36. c8=Q Rxc8 37. Nc3 Bc6 38. Qg3 Qh6 39. h3 Rce8 40. Rdf1 Re3
41. R4f3 Bxf3 42. Rxf3 Rxf3 43. Qxf3 Qd2 44. Qf2 Qc1+ 45. Kg2 Rb8 46. Na4 Qc6+
47. Kg3 Qxa4 48. b3 Qe4 49. Qxa7 Qe5+ 50. Kh4 Qxf6+ 51. Kg3 Rd8 0-1

[Event "EU-ch ACP (Women) Rapid"]
[Site "Tbilisi"]
[Date "2018.03.31"]
[Round "11"]
[White "Kosteniuk, Alexandra"]
[Black "Paehtz, Elisabeth"]
[Result "1/2-1/2"]
[WhiteElo "2549"]
[BlackElo "2468"]
[PlyCount "90"]
[EventDate "2018.03.30"]
[EventType "swiss (rapid)"]
[EventRounds "11"]
[EventCountry "GEO"]
[SourceTitle "CBM 183 Extra"]
[Source "ChessBase"]
[SourceDate "2018.04.19"]
[SourceVersion "1"]
[SourceVersionDate "2018.04.19"]
[SourceQuality "1"]

1. e4 e5 2. Nf3 Nc6 3. Bb5 a6 4. Ba4 Nf6 5. O-O Be7 6. Re1 b5 7. Bb3 d6 8. c3
O-O 9. h3 Nb8 10. d4 Nbd7 11. Nbd2 Bb7 12. Bc2 Re8 13. Nf1 Bf8 14. Ng3 g6 15.
a4 Bg7 16. Bd3 c6 17. Bg5 Qc7 18. Qd2 Nf8 19. dxe5 dxe5 20. c4 bxa4 21. c5 N6d7
22. Be3 Ne6 23. Qc3 Bf8 24. Bc4 Ndxc5 25. Bxc5 Nxc5 26. Ng5 Re7 27. Re3 Bc8 28.
Nf5 gxf5 29. Rg3 Bg7 30. Bxf7+ Rxf7 31. Nxf7 Nxe4 32. Nh6+ Kh8 33. Qc4 Be6 34.
Qxe6 Bxh6 35. Qxh6 Nxg3 36. fxg3 Rg8 37. Rxa4 Rxg3 38. Rxa6 Rg8 39. Rxc6 Qa7+
40. Kh2 Qg7 41. Qxg7+ Kxg7 42. Re6 e4 43. g4 fxg4 44. Rxe4 gxh3 45. b4 Rb8
1/2-1/2

[Event "EU-ch ACP (Women) Blitz"]
[Site "Tbilisi"]
[Date "2018.04.01"]
[Round "1"]
[White "Kosteniuk, Alexandra"]
[Black "Gavasheli, Ana"]
[Result "0-1"]
[WhiteElo "2549"]
[BlackElo "2240"]
[PlyCount "62"]
[EventDate "2018.04.01"]
[EventType "swiss (blitz)"]
[EventRounds "13"]
[EventCountry "GEO"]
[SourceTitle "CBM 183 Extra"]
[Source "ChessBase"]
[SourceDate "2018.04.19"]
[SourceVersion "1"]
[SourceVersionDate "2018.04.19"]
[SourceQuality "1"]

1. e4 d6 2. d4 g6 3. Nc3 Bg7 4. Be3 c6 5. Qd2 b5 6. a4 b4 7. Na2 a5 8. Nc1 Ba6
9. Bxa6 Nxa6 10. Nge2 c5 11. O-O c4 12. Ng3 Nf6 13. Bh6 c3 14. bxc3 bxc3 15.
Qg5 Bxh6 16. Qxh6 Nb4 17. Nce2 Qc7 18. Ra3 Qc6 19. e5 dxe5 20. dxe5 Nfd5 21.
Qg7 Rf8 22. Nd4 Qc4 23. e6 f6 24. Nb5 O-O-O 25. Nd6+ Rxd6 26. Qxf8+ Rd8 27. Qh6
Nxc2 28. Qc1 Nxa3 29. Qxa3 c2 30. Ne2 Qxe2 31. Qc5+ Kb7 0-1

[Event "EU-ch ACP (Women) Blitz"]
[Site "Tbilisi"]
[Date "2018.04.01"]
[Round "6"]
[White "Kosteniuk, Alexandra"]
[Black "Ambartsumova, Karina"]
[Result "1-0"]
[WhiteElo "2549"]
[BlackElo "2374"]
[PlyCount "49"]
[EventDate "2018.04.01"]
[EventType "swiss (blitz)"]
[EventRounds "13"]
[EventCountry "GEO"]
[SourceTitle "CBM 183 Extra"]
[Source "ChessBase"]
[SourceDate "2018.04.19"]
[SourceVersion "1"]
[SourceVersionDate "2018.04.19"]
[SourceQuality "1"]

1. e4 c5 2. c3 d5 3. exd5 Qxd5 4. d4 Nc6 5. Nf3 Bf5 6. Be3 Nf6 7. Na3 cxd4 8.
Bc4 Qd8 9. Nxd4 Nxd4 10. Bxd4 e6 11. Qa4+ Nd7 12. O-O-O a6 13. Bb6 Qc8 14. Rxd7
Qxd7 15. Bb5 axb5 16. Qxa8+ Ke7 17. Rd1 Bd3 18. Bc5+ Kf6 19. Bxf8 b4 20. Nc2
bxc3 21. bxc3 Qd5 22. Ne3 Qd7 23. Qb8 h5 24. Qf4+ Kg6 25. Qg3+ 1-0

[Event "EU-ch ACP (Women) Blitz"]
[Site "Tbilisi"]
[Date "2018.04.01"]
[Round "7"]
[White "Mkrtchian, Lilit"]
[Black "Kosteniuk, Alexandra"]
[Result "1/2-1/2"]
[WhiteElo "2403"]
[BlackElo "2549"]
[PlyCount "105"]
[EventDate "2018.04.01"]
[EventType "swiss (blitz)"]
[EventRounds "13"]
[EventCountry "GEO"]
[SourceTitle "CBM 183 Extra"]
[Source "ChessBase"]
[SourceDate "2018.04.19"]
[SourceVersion "1"]
[SourceVersionDate "2018.04.19"]
[SourceQuality "1"]

1. Nf3 Nf6 2. g3 b6 3. Bg2 Bb7 4. O-O e6 5. c4 Be7 6. b3 O-O 7. Bb2 d5 8. e3 c5
9. Nc3 Nc6 10. cxd5 Nxd5 11. Nxd5 Qxd5 12. d4 Rfd8 13. Ne5 Qd6 14. Qh5 Nxe5 15.
Bxb7 Rab8 16. dxe5 Qd2 17. Be4 g6 18. Qf3 Qxb2 19. Qf4 g5 20. Qf3 Qxe5 21. Rad1
f5 22. Bb1 Kg7 23. Qc6 Rd6 24. Qc7 Re8 25. Qxa7 Kf6 26. Rxd6 Qxd6 27. Qa4 Rd8
28. Bc2 Qd2 29. Bb1 Qa5 30. Qc4 Qb4 31. Qc2 Bd6 32. Rd1 Ke7 33. Qb2 Kf7 34. Qc2
Be7 35. Rxd8 Bxd8 36. Qd1 Ke7 37. Kg2 c4 38. bxc4 Qxc4 39. Bc2 Qxa2 40. Bb3
Qa8+ 41. f3 Qc6 42. Qa1 Kf7 43. Qa7+ Be7 44. Qa2 Qd6 45. Qc2 Qe5 46. f4 gxf4
47. exf4 Qe4+ 48. Qxe4 fxe4 49. Bc2 e3 50. Kf3 h5 51. Kxe3 Kf6 52. Ke4 Kf7 53.
Bd1 1/2-1/2

[Event "EU-ch ACP (Women) Blitz"]
[Site "Tbilisi"]
[Date "2018.04.01"]
[Round "8"]
[White "Batsiashvili, Nino"]
[Black "Kosteniuk, Alexandra"]
[Result "1-0"]
[WhiteElo "2528"]
[BlackElo "2549"]
[PlyCount "122"]
[EventDate "2018.04.01"]
[EventType "swiss (blitz)"]
[EventRounds "13"]
[EventCountry "GEO"]
[SourceTitle "CBM 183 Extra"]
[Source "ChessBase"]
[SourceDate "2018.04.19"]
[SourceVersion "1"]
[SourceVersionDate "2018.04.19"]
[SourceQuality "1"]

1. d4 Nf6 2. Nf3 e6 3. Bf4 d5 4. e3 c5 5. Nbd2 Nc6 6. c3 Bd6 7. Bg3 O-O 8. Bd3
b6 9. Qe2 Re8 10. Ne5 Bb7 11. f4 Ne7 12. O-O Nf5 13. Be1 c4 14. Bc2 Bf8 15. e4
Nd6 16. exd5 exd5 17. Bh4 b5 18. Ndf3 Nde4 19. Ng5 b4 20. Ngxf7 Qb6 21. Rf3 Bc8
22. Bxf6 Nxf6 23. Rg3 Ne4 24. Bxe4 dxe4 25. Qxe4 Bb7 26. Qf5 Bd5 27. Ng5 g6 28.
Nxh7 Kxh7 29. Nxg6 Bg7 30. Ne7+ Kh8 31. Rh3+ Bh6 32. Nxd5 Qe6 33. Qe5+ Qxe5 34.
fxe5 Kg7 35. Rf1 bxc3 36. bxc3 Rab8 37. Rg3+ Kh8 38. Nf6 Re6 39. Rh3 Kg7 40.
Nh5+ Kg6 41. Nf4+ Bxf4 42. Rxf4 Kg7 43. Rg3+ Rg6 44. Rxg6+ Kxg6 45. h3 Rb2 46.
Rf2 Rb1+ 47. Kh2 Rc1 48. Rf3 a5 49. d5 Re1 50. e6 Re5 51. Rf4 Rxd5 52. Rxc4 Kf6
53. Rd4 Rc5 54. c4 Re5 55. Rd5 Re4 56. Rxa5 Kxe6 57. g4 Rxc4 58. Kg3 Kf6 59.
Ra6+ Kg7 60. Kh4 Rc3 61. g5 Rd3 1-0

[Event "EU-ch ACP (Women) Blitz"]
[Site "Tbilisi"]
[Date "2018.04.01"]
[Round "10"]
[White "Maltsevskaya, Aleksandra"]
[Black "Kosteniuk, Alexandra"]
[Result "1/2-1/2"]
[WhiteElo "2267"]
[BlackElo "2549"]
[PlyCount "105"]
[EventDate "2018.04.01"]
[EventType "swiss (blitz)"]
[EventRounds "13"]
[EventCountry "GEO"]
[SourceTitle "CBM 183 Extra"]
[Source "ChessBase"]
[SourceDate "2018.04.19"]
[SourceVersion "1"]
[SourceVersionDate "2018.04.19"]
[SourceQuality "1"]

1. e4 e5 2. Nf3 Nc6 3. Bb5 a6 4. Ba4 Nf6 5. O-O b5 6. Bb3 Be7 7. Re1 d6 8. c3
O-O 9. h3 h6 10. d3 Re8 11. Nbd2 Bf8 12. a3 Na5 13. Bc2 c5 14. b4 Nc6 15. Bb2
a5 16. a4 axb4 17. axb5 Rxa1 18. Qxa1 bxc3 19. Bxc3 Nd4 20. Nxd4 exd4 21. Ba5
Qe7 22. Nc4 Bb7 23. Bd2 Ra8 24. Qb1 Nd7 25. Bf4 Qf6 26. Bg3 d5 27. e5 Qd8 28.
Nd6 Qb6 29. Qd1 Bxd6 30. exd6 Qxb5 31. Re7 Nf6 32. Be5 Bc8 33. Bxf6 gxf6 34.
Qh5 Be6 35. Rxe6 fxe6 36. Qg6+ Kh8 37. Qxf6+ Kg8 38. Qxe6+ Kg7 39. Qe7+ Kg6 40.
Qe6+ Kg7 41. Qe7+ Kg6 42. Bd1 Qb1 43. Qe6+ Kg7 44. Qe5+ Kh7 45. Qf5+ Kg7 46.
Qe5+ Kh7 47. Qe7+ Kg6 48. d7 Qxd1+ 49. Kh2 Qxd3 50. Qe6+ Kg7 51. Qe7+ Kg6 52.
Qe6+ Kg7 53. Qe7+ 1/2-1/2

[Event "EU-ch ACP (Women) Blitz"]
[Site "Tbilisi"]
[Date "2018.04.01"]
[Round "11"]
[White "Kosteniuk, Alexandra"]
[Black "Girya, Olga"]
[Result "0-1"]
[WhiteElo "2549"]
[BlackElo "2482"]
[PlyCount "92"]
[EventDate "2018.04.01"]
[EventType "swiss (blitz)"]
[EventRounds "13"]
[EventCountry "GEO"]
[SourceTitle "CBM 183 Extra"]
[Source "ChessBase"]
[SourceDate "2018.04.19"]
[SourceVersion "1"]
[SourceVersionDate "2018.04.19"]
[SourceQuality "1"]

1. e4 c6 2. Nc3 d5 3. Nf3 dxe4 4. Nxe4 Nf6 5. Nxf6+ exf6 6. d4 Bd6 7. Bd3 O-O
8. Be3 Re8 9. Qd2 Bf4 10. O-O-O Bxe3 11. fxe3 c5 12. d5 Bg4 13. h3 Bh5 14. g4
Bg6 15. Bxg6 hxg6 16. d6 Nd7 17. h4 Nf8 18. h5 g5 19. Qc3 Re6 20. Qxc5 Rc8 21.
Qd4 Rc6 22. d7 Rc7 23. Qxa7 Rxd7 24. Rxd7 Qxd7 25. Qd4 Qe7 26. Qd2 Re4 27. Nd4
Rxg4 28. h6 g6 29. h7+ Nxh7 30. Nf3 Qe4 31. Rf1 Kg7 32. Qd3 Qe6 33. Kb1 Rg3 34.
Qd4 g4 35. Nd2 Rxe3 36. a4 Re1+ 37. Rxe1 Qxe1+ 38. Ka2 g3 39. Nf3 Qf2 40. Qd5
g2 41. Qxb7 Ng5 42. Nxg5 fxg5 43. a5 g1=Q 44. Qd5 Qd4 45. Qb3 Qc5 46. Qa4 Qgd4
0-1

[Event "EU-ch ACP (Women) Blitz"]
[Site "Tbilisi"]
[Date "2018.04.01"]
[Round "13"]
[White "Kosteniuk, Alexandra"]
[Black "Guramishvili, Sopiko"]
[Result "1-0"]
[WhiteElo "2549"]
[BlackElo "2379"]
[PlyCount "111"]
[EventDate "2018.04.01"]
[EventType "swiss (blitz)"]
[EventRounds "13"]
[EventCountry "GEO"]
[SourceTitle "CBM 183 Extra"]
[Source "ChessBase"]
[SourceDate "2018.04.19"]
[SourceVersion "1"]
[SourceVersionDate "2018.04.19"]
[SourceQuality "1"]

1. e4 e5 2. Nf3 Nf6 3. Nxe5 d6 4. Nf3 Nxe4 5. d4 Be7 6. Bd3 Nf6 7. O-O Bg4 8.
h3 Bh5 9. Nbd2 O-O 10. Re1 Nc6 11. c3 Re8 12. Nf1 Bf8 13. Ne3 Ne4 14. g4 Bg6
15. d5 Ne5 16. Nxe5 Rxe5 17. f4 Qh4 18. Rf1 Qg3+ 19. Ng2 Ng5 20. fxe5 Nxh3+ 21.
Kh1 Nf2+ 22. Rxf2 Qxf2 23. Bxg6 hxg6 24. Qd4 Qf3 25. e6 fxe6 26. dxe6 Be7 27.
Bf4 Rf8 28. Qe3 Qd5 29. Re1 g5 30. Bh2 Rf3 31. Qd4 Qc6 32. Kg1 Bf6 33. Qd2 Qb6+
34. Kh1 Be7 35. b4 Qc6 36. Qe2 Rxc3 37. Rf1 Rc2 38. Qf3 Qxf3 39. Rxf3 Rc1+ 40.
Bg1 d5 41. a3 c5 42. Ne3 cxb4 43. Nxd5 Bc5 44. Rg3 Re1 45. e7 Kf7 46. Rf3+ Kg6
47. Rf1 Rxf1 48. e8=Q+ Kh7 49. Qh5+ Kg8 50. Qe8+ Kh7 51. Qe4+ Kg8 52. axb4
Rxg1+ 53. Kh2 Bf2 54. Qe8+ Kh7 55. Qh5+ Kg8 56. Qe8+ 1-0

[Event "RUS-chT (Women)"]
[Site "Sochi"]
[Date "2018.05.01"]
[Round "1.1"]
[White "Kosteniuk, Alexandra"]
[Black "Suslova, Alena"]
[Result "1-0"]
[WhiteElo "2555"]
[BlackElo "2153"]
[PlyCount "111"]
[EventDate "2018.05.01"]
[EventType "team-tourn"]
[EventRounds "9"]
[EventCountry "RUS"]
[SourceTitle "CBM 184 Extra"]
[Source "ChessBase"]
[SourceDate "2018.06.28"]
[SourceVersion "1"]
[SourceVersionDate "2018.06.28"]
[SourceQuality "1"]
[WhiteTeam "Moscow Legacy Square (W)"]
[BlackTeam "Chelyabinsk Yuzny Ural (W)"]
[WhiteTeamCountry "RUS"]
[BlackTeamCountry "RUS"]

1. d4 Nf6 2. c4 g6 3. Nc3 Bg7 4. e4 d6 5. Nf3 O-O 6. Be2 e5 7. O-O Nc6 8. d5
Ne7 9. Qc2 Nd7 10. Rd1 h6 11. Nd2 f5 12. b4 Nf6 13. c5 fxe4 14. Ndxe4 Nf5 15.
Nxf6+ Qxf6 16. Ne4 Qe7 17. Bb2 Nd4 18. Bxd4 exd4 19. Bd3 Bf5 20. Re1 Rae8 21.
Rac1 Be5 22. g3 g5 23. cxd6 cxd6 24. Qc7 Qxc7 25. Rxc7 Bxe4 26. Bxe4 Rf7 27.
Rc2 Kg7 28. Kg2 Bf6 29. Ree2 Rfe7 30. Bd3 Rxe2 31. Bxe2 Re7 32. a4 Rf7 33. a5
Bd8 34. Rc8 Bf6 35. Bd3 Rf8 36. Rc2 Bd8 37. Re2 Rf7 38. Re6 Rf6 39. Re4 Rf7 40.
Rxd4 Rc7 41. Bf5 Kf6 42. g4 Ke5 43. Re4+ Kxd5 44. Re6 Be7 45. Rxh6 Kc4 46. Rh7
d5 47. h4 gxh4 48. g5 Bd8 49. Rxh4+ d4 50. f4 Kxb4 51. Rh8 Be7 52. Rh7 Kc3 53.
g6 d3 54. g7 d2 55. Bg4 Rc8 56. Rh8 1-0

[Event "RUS-chT (Women)"]
[Site "Sochi"]
[Date "2018.05.02"]
[Round "2.1"]
[White "Ambartsumova, Karina"]
[Black "Kosteniuk, Alexandra"]
[Result "0-1"]
[WhiteElo "2375"]
[BlackElo "2555"]
[PlyCount "96"]
[EventDate "2018.05.01"]
[EventType "team-tourn"]
[EventRounds "9"]
[EventCountry "RUS"]
[SourceTitle "CBM 184 Extra"]
[Source "ChessBase"]
[SourceDate "2018.06.28"]
[SourceVersion "1"]
[SourceVersionDate "2018.06.28"]
[SourceQuality "1"]
[WhiteTeam "Tatarstan Rook (W)"]
[BlackTeam "Moscow Legacy Square (W)"]
[WhiteTeamCountry "RUS"]
[BlackTeamCountry "RUS"]

1. c4 c6 2. e4 d5 3. exd5 cxd5 4. d4 Nf6 5. Nc3 Nc6 6. Bg5 dxc4 7. Bxc4 h6 8.
Bf4 Qxd4 9. Qxd4 Nxd4 10. Rd1 Ne6 11. Bxe6 Bxe6 12. Nb5 Nd5 13. Rxd5 Bxd5 14.
Nc7+ Kd7 15. Nxd5 e5 16. Be3 Rc8 17. Kd2 Ke6 18. Nc3 f5 19. f3 Bc5 20. Bxc5
Rxc5 21. Nge2 Rd8+ 22. Kc2 Rc6 23. Rd1 Rxd1 24. Kxd1 Rc4 25. Kd2 g5 26. h3 h5
27. b3 Rb4 28. Kd3 a5 29. Ke3 b6 30. Kd3 Rh4 31. Ke3 g4 32. hxg4 hxg4 33. fxg4
Rxg4 34. g3 Rg8 35. Kd3 Kd6 36. Nd1 b5 37. Ne3 Ke6 38. Nc2 Rd8+ 39. Ke3 b4 40.
a3 a4 41. Nxb4 axb3 42. Nd3 Rc8 43. Kd2 e4 44. Ndf4+ Ke5 45. Nc3 Kd4 46. Ne6+
Kc4 47. Na4 e3+ 48. Ke2 Kb5 0-1

[Event "RUS-chT (Women)"]
[Site "Sochi"]
[Date "2018.05.03"]
[Round "3.1"]
[White "Kosteniuk, Alexandra"]
[Black "Ushenina, Anna"]
[Result "1-0"]
[WhiteElo "2555"]
[BlackElo "2443"]
[PlyCount "93"]
[EventDate "2018.05.01"]
[EventType "team-tourn"]
[EventRounds "9"]
[EventCountry "RUS"]
[SourceTitle "CBM 184 Extra"]
[Source "ChessBase"]
[SourceDate "2018.06.28"]
[SourceVersion "1"]
[SourceVersionDate "2018.06.28"]
[SourceQuality "1"]
[WhiteTeam "Moscow Legacy Square (W)"]
[BlackTeam "Ugra (W)"]
[WhiteTeamCountry "RUS"]
[BlackTeamCountry "RUS"]

1. d4 d5 2. c4 c6 3. cxd5 cxd5 4. Bf4 Nc6 5. e3 Nf6 6. Nc3 Bg4 7. Qb3 Na5 8.
Qa4+ Bd7 9. Qc2 e6 10. Bd3 Nh5 11. Be5 Nc6 12. Qe2 Nxe5 13. dxe5 g6 14. Nf3 Bb4
15. O-O a6 16. Nd4 O-O 17. f4 f6 18. exf6 Nxf6 19. Kh1 Bc5 20. Nf3 Bd6 21. Qe1
Qe7 22. Qh4 Bc6 23. Ne2 Bb5 24. Bxb5 axb5 25. Ned4 Bc5 26. Qh3 Rfe8 27. Ng5
Bxd4 28. exd4 Qd6 29. Rae1 Re7 30. Rxe6 Rxe6 31. Nxe6 Rxa2 32. f5 Ra6 33. Nc5
Ra8 34. fxg6 hxg6 35. Nxb7 Qf4 36. Qe6+ Kg7 37. Qe7+ Kh6 38. Qe2 Qxd4 39. Nd6
Ne4 40. Nxe4 dxe4 41. Rd1 Qe5 42. Qe3+ g5 43. Qb6+ Kh5 44. Qb7 Rh8 45. Qf7+ Kg4
46. Qd7+ Kh5 47. Rd6 1-0

[Event "RUS-chT (Women)"]
[Site "Sochi"]
[Date "2018.05.04"]
[Round "4.1"]
[White "Bivol, Alina"]
[Black "Kosteniuk, Alexandra"]
[Result "1/2-1/2"]
[WhiteElo "2327"]
[BlackElo "2555"]
[PlyCount "67"]
[EventDate "2018.05.01"]
[EventType "team-tourn"]
[EventRounds "9"]
[EventCountry "RUS"]
[SourceTitle "CBM 184 Extra"]
[Source "ChessBase"]
[SourceDate "2018.06.28"]
[SourceVersion "1"]
[SourceVersionDate "2018.06.28"]
[SourceQuality "1"]
[WhiteTeam "Moscow Region (W)"]
[BlackTeam "Moscow Legacy Square (W)"]
[WhiteTeamCountry "RUS"]
[BlackTeamCountry "RUS"]

1. e4 e5 2. Nf3 Nf6 3. Nc3 Nc6 4. g3 d5 5. exd5 Nxd5 6. Bg2 Nxc3 7. bxc3 Bc5 8.
O-O O-O 9. Rb1 Bb6 10. d3 Bg4 11. Qe1 Qc8 12. Qe4 Bf5 13. Qe2 Re8 14. Nd2 Bh3
15. Nc4 Bxg2 16. Kxg2 Bc5 17. a4 Rb8 18. Qf3 Qd7 19. Re1 Re6 20. Be3 Bf8 21.
Red1 b6 22. d4 e4 23. Qh5 Ree8 24. d5 Nd8 25. a5 g6 26. Qe2 Nb7 27. axb6 axb6
28. Bf4 Ra8 29. Ne5 Qf5 30. Nc4 Qd7 31. Ne5 Qf5 32. Nc4 Qd7 33. Ne5 Qf5 34. Nc4
1/2-1/2